[Event "Hampshire Open"]
[Site "Eastleigh"]
[Date "2011.11.05"]
[Round "4"]
[White "Tambini, Jasper"]
[Black "McDougall, William M"]
[Result "1-0"]
[WhiteElo "1924"]
[BlackElo "2064"]
[PlyCount "77"]
[EventDate "2011.11.04"]
[EventType "swiss"]
[EventRounds "6"]
[EventCountry "ENG"]
[SourceTitle "BritBase"]
[Source "John Saunders"]
[SourceDate "2025.01.31"]
[SourceVersion "1"]
[SourceVersionDate "2025.01.31"]
[SourceQuality "1"]

1. e4 c5 2. Nc3 a6 3. a4 e6 4. f4 d5 5. Nf3 dxe4 6. Nxe4 Nf6 7. Qe2 Be7 8. g3 Nc6 9. Bg2 O-O 10. d3 Qc7 11. Be3 b6 12. O-O Bb7 13. c3 Rfd8 14. Rad1 Rd7 15. Nfg5 h6 16. Nxf6+ Bxf6 17. Ne4 Be7 18. f5 exf5 19. Rxf5 Bf8 20. Bxh6 gxh6 21. Nf6+ Kh8 22. Nxd7 Qxd7 23. Qh5 Nd8 24. Bxb7 Qxb7 25. Rdf1 Qe7 26. Qf3 Ra7 27. Rf2 Qd6 28. Rf6 Qc7 29. Re2 Qd7 30. Rxb6 Bg7 31. Qe4 Ne6 32. Rb8+ Nf8 33. Qc4 Qd6 34. Ree8 Kh7 35. Rbd8 Rd7 36. Qe4+ Ng6 37. Rxd7 Qxd7 38. Ra8 Bf8 39. Rxf8 1-0

[Event "Hampshire Open"]
[Site "Eastleigh"]
[Date "2011.11.05"]
[Round "4"]
[White "Williams, Peter Arthur"]
[Black "Hanley, Craig A"]
[Result "0-1"]
[WhiteElo "2239"]
[BlackElo "2415"]
[PlyCount "44"]
[EventDate "2011.11.04"]
[EventType "swiss"]
[EventRounds "6"]
[EventCountry "ENG"]
[SourceTitle "BritBase"]
[Source "John Saunders"]
[SourceDate "2025.01.31"]
[SourceVersion "1"]
[SourceVersionDate "2025.01.31"]
[SourceQuality "1"]

1. d4 Nf6 2. c4 e6 3. Nc3 d5 4. Nf3 Bb4 5. Bf4 O-O 6. e3 Ne4 7. Qc2 c6 8. Bd3 f5 9. O-O g5 10. Be5 Nd7 11. a3 Bxc3 12. bxc3 g4 13. Nd2 Nxd2 14. Qxd2 Nxe5 15. dxe5 dxc4 16. e4 cxd3 17. Qh6 Qe8 18. exf5 exf5 19. f3 Qg6 20. Qf4 Be6 21. Qb4 b6 22. a4 Bd5 0-1

[Event "Hampshire Open"]
[Site "Eastleigh"]
[Date "2011.11.06"]
[Round "5"]
[White "Davies, Edward G"]
[Black "Butcher, Doug"]
[Result "1-0"]
[WhiteElo "1808"]
[BlackElo "1880"]
[PlyCount "127"]
[EventDate "2011.11.04"]
[EventType "swiss"]
[EventRounds "6"]
[EventCountry "ENG"]
[SourceTitle "BritBase"]
[Source "John Saunders"]
[SourceDate "2025.01.31"]
[SourceVersion "1"]
[SourceVersionDate "2025.01.31"]
[SourceQuality "1"]

1. e4 d5 2. exd5 Nf6 3. d4 Bg4 4. Be2 Bxe2 5. Qxe2 Qxd5 6. Nf3 e6 7. O-O Nc6 8. Nc3 Qf5 9. Nb5 O-O-O 10. Ne5 Nxe5 11. Qxe5 Qxe5 12. dxe5 Ng4 13. Nxa7+ Kb8 14. Nb5 Nxe5 15. Bf4 Bd6 16. Nxd6 cxd6 17. Bxe5 dxe5 18. Rfd1 Rd5 19. Kf1 Kc7 20. Ke2 Kc6 21. Rd3 e4 22. Rc3+ Kb6 23. Rd1 f5 24. Rxd5 exd5 25. Ke3 g5 26. Kd4 Rd8 27. Rh3 f4 28. Rxh7 Re8 29. Rh3 Kc6 30. Rc3+ Kd6 31. h3 e3 32. fxe3 Re4+ 33. Kd3 Rxe3+ 34. Kd2 d4 35. Rb3 Kc6 36. Ra3 Kc5 37. Ra5+ b5 38. a4 Rg3 39. Rxb5+ Kc6 40. Rf5 d3 41. cxd3 Rxg2+ 42. Kc3 Rg3 43. Kd4 Kb6 44. b4 f3 45. Ke3 Rxh3 46. Rxf3 Rh4 47. d4 g4 48. Rg3 Rh2 49. Rxg4 Rh3+ 50. Ke4 Rb3 51. Rg6+ Kb7 52. b5 Rb4 53. Ra6 Rc4 54. Kd5 Rc3 55. Rc6 Ra3 56. Ra6 Rc3 57. a5 Rc2 58. Rc6 Rh2 59. a6+ Ka7 60. Rc7+ Kb6 61. Rb7+ Ka5 62. a7 Rh5+ 63. Kc4 Rh8 64. Rb8 1-0

[Event "Hampshire Open"]
[Site "Eastleigh"]
[Date "2011.11.06"]
[Round "5"]
[White "Hanley, Craig A"]
[Black "Gill, Oliver"]
[Result "1-0"]
[WhiteElo "2415"]
[BlackElo "2006"]
[PlyCount "67"]
[EventDate "2011.11.04"]
[EventType "swiss"]
[EventRounds "6"]
[EventCountry "ENG"]
[SourceTitle "BritBase"]
[Source "John Saunders"]
[SourceDate "2025.01.31"]
[SourceVersion "1"]
[SourceVersionDate "2025.01.31"]
[SourceQuality "1"]

1. d4 Nc6 2. d5 Ne5 3. e4 e6 4. f4 Ng6 5. dxe6 dxe6 6. Qxd8+ Kxd8 7. Nf3 Bc5 8. h4 h5 9. Bd3 Nh6 10. e5 Bd7 11. Nc3 Bb4 12. Ng5 Ke7 13. Kf2 Nf5 14. Bxf5 Bxc3 15. Be4 Bd4+ 16. Kg3 Rab8 17. Rd1 Bb6 18. Nxf7 Kxf7 19. Rxd7+ Ne7 20. a4 a5 21. Ra3 Rhd8 22. Rad3 c6 23. f5 Rxd7 24. Rxd7 exf5 25. Bxf5 Ke8 26. Be6 Bd8 27. Be3 b5 28. Ba7 Ra8 29. Rb7 bxa4 30. Bc5 Ra6 31. Kf3 g6 32. c4 Ra8 33. Kf4 Nf5 34. Bf7# 1-0

[Event "Hampshire Open"]
[Site "Eastleigh"]
[Date "2011.11.06"]
[Round "5"]
[White "McDougall, William M"]
[Black "Fowler, David W"]
[Result "0-1"]
[WhiteElo "2064"]
[BlackElo "1712"]
[PlyCount "108"]
[EventDate "2011.11.04"]
[EventType "swiss"]
[EventRounds "6"]
[EventCountry "ENG"]
[SourceTitle "BritBase"]
[Source "John Saunders"]
[SourceDate "2025.01.31"]
[SourceVersion "1"]
[SourceVersionDate "2025.01.31"]
[SourceQuality "1"]

1. d4 d5 2. c4 e6 3. Nc3 c6 4. e4 Bb4 5. Bd3 dxe4 6. Bxe4 Nf6 7. Bf3 O-O 8. Nge2 e5 9. O-O exd4 10. Nxd4 Bxc3 11. bxc3 Qa5 12. Qb3 Na6 13. Re1 Bg4 14. Ba3 Rfe8 15. Bxg4 Nxg4 16. Rad1 Qc7 17. g3 Nf6 18. Qc2 Rxe1+ 19. Rxe1 Re8 20. Rxe8+ Nxe8 21. Qe4 Nf6 22. Qf5 Nb8 23. Bc1 Nbd7 24. Bf4 Qd8 25. h4 Qe8 26. Qa5 Qe1+ 27. Kg2 Ng4 28. Qd8+ Nf8 29. Be3 Nxe3+ 30. fxe3 Qxc3 31. Kh3 Qxc4 32. h5 Qf1+ 33. Kh2 Qf2+ 34. Kh3 g6 35. Qg5 c5 36. Qxc5 Qxe3 37. hxg6 hxg6 38. Qxa7 Qe4 39. a4 Qh1+ 40. Kg4 Kg7 41. Qc5 Qd1+ 42. Kh3 Qxa4 43. Qe5+ Kg8 44. Nf3 Qd7+ 45. Kg2 Ne6 46. Qb8+ Kh7 47. Qe5 b5 48. Qf6 Qb7 49. Kh2 b4 50. Ne5 Kg8 51. Ng4 b3 52. Nh6+ Kf8 53. Ng4 b2 54. Ne5 b1=Q 0-1

[Event "Hampshire Open"]
[Site "Eastleigh"]
[Date "2011.11.06"]
[Round "5"]
[White "Shiatis, Rohan"]
[Black "McDougall, Andrew"]
[Result "1-0"]
[WhiteElo "1952"]
[BlackElo "2144"]
[PlyCount "75"]
[EventDate "2011.11.04"]
[EventType "swiss"]
[EventRounds "6"]
[EventCountry "ENG"]
[SourceTitle "BritBase"]
[Source "John Saunders"]
[SourceDate "2025.01.31"]
[SourceVersion "1"]
[SourceVersionDate "2025.01.31"]
[SourceQuality "1"]

1. d4 Nf6 2. c4 g6 3. Nc3 d5 4. cxd5 Nxd5 5. e4 Nxc3 6. bxc3 Bg7 7. Bc4 c5 8. Ne2 Nc6 9. Be3 O-O 10. O-O Na5 11. Bd3 b6 12. Qd2 e5 13. Bh6 cxd4 14. Bxg7 Kxg7 15. cxd4 exd4 16. Rac1 Be6 17. f4 f6 18. f5 Bf7 19. Rf3 Qd6 20. fxg6 hxg6 21. Ng3 Be6 22. Nf5+ Bxf5 23. exf5 Rh8 24. Rg3 g5 25. Qc2 Rad8 26. Bb5 Rhf8 27. Re1 Rf7 28. Re6 Qc7 29. Qd3 Rd5 30. Rxg5+ fxg5 31. Qh3 Rf6 32. Re8 Rh6 33. f6+ Kg6 34. Rg8+ Kf7 35. Rg7+ Kf8 36. Rg8+ Kxg8 37. Qe6+ Kf8 38. Qe8# 1-0

[Event "Hampshire Open"]
[Site "Eastleigh"]
[Date "2011.11.06"]
[Round "5"]
[White "Tambini, Jasper"]
[Black "Edney, Richard H"]
[Result "1-0"]
[WhiteElo "1924"]
[BlackElo "1864"]
[PlyCount "53"]
[EventDate "2011.11.04"]
[EventType "swiss"]
[EventRounds "6"]
[EventCountry "ENG"]
[SourceTitle "BritBase"]
[Source "John Saunders"]
[SourceDate "2025.01.31"]
[SourceVersion "1"]
[SourceVersionDate "2025.01.31"]
[SourceQuality "1"]

1. e4 c5 2. Nc3 Nc6 3. f4 e6 4. Nf3 d5 5. Bb5 Nge7 6. O-O a6 7. Bxc6+ Nxc6 8. d3 Be7 9. Qe1 b5 10. Qg3 d4 11. Nb1 g6 12. a3 Qc7 13. e5 Bb7 14. Nbd2 O-O-O 15. Ne4 h6 16. Bd2 Na7 17. Qe1 Qd7 18. Ba5 Rdf8 19. Nfd2 Kb8 20. a4 Qc6 21. axb5 axb5 22. c3 f5 23. exf6 Bxf6 24. Qg3 dxc3 25. Nxf6 cxd2 26. f5+ Ka8 27. fxg6 1-0

[Event "Hampshire Open"]
[Site "Eastleigh"]
[Date "2011.11.06"]
[Round "5"]
[White "Waterfield, John W"]
[Black "Coburn, Joseph A"]
[Result "1/2-1/2"]
[WhiteElo "2008"]
[BlackElo "1792"]
[PlyCount "100"]
[EventDate "2011.11.04"]
[EventType "swiss"]
[EventRounds "6"]
[EventCountry "ENG"]
[SourceTitle "BritBase"]
[Source "John Saunders"]
[SourceDate "2025.01.31"]
[SourceVersion "1"]
[SourceVersionDate "2025.01.31"]
[SourceQuality "1"]

1. e4 d6 2. d4 Nf6 3. Nc3 g6 4. f4 Bg7 5. a3 Nfd7 6. Nf3 O-O 7. Bc4 Nb6 8. Ba2 Nc6 9. O-O Bg4 10. Ne2 d5 11. e5 e6 12. Be3 Ne7 13. h3 Nf5 14. Bd2 Bxf3 15. Rxf3 Nc4 16. Bb4 Re8 17. b3 Nb6 18. g4 Ne7 19. Ng3 a5 20. Bc3 c6 21. Qe2 Nd7 22. Raf1 Qb6 23. Qe3 c5 24. f5 Nc6 25. dxc5 Qxc5 26. Qxc5 Nxc5 27. f6 Bf8 28. Re1 Nd7 29. Bb2 Bc5+ 30. Kg2 Bd4 31. Bxd4 Nxd4 32. Rf2 Rec8 33. c4 Nb6 34. Rd2 Nc6 35. Kf3 dxc4 36. bxc4 Rd8 37. Rxd8+ Rxd8 38. Re3 Rd2 39. Bb1 Nxc4 40. Ne4 N4xe5+ 41. Kf4 Rb2 42. Re1 Rb3 43. Rd1 Rf3+ 44. Kg5 h6+ 45. Kh4 Nc4 46. g5 Rf4+ 47. Kg3 hxg5 48. Nxg5 Rxf6 49. Rd7 N6e5 50. Rxb7 Nxa3 {some of the last ten or so moves have been "best guesses" and the remaining moves are indecypherable but :  1/2 - 1/2, 57 moves.} 1/2-1/2

[Event "Hampshire Open"]
[Site "Eastleigh"]
[Date "2011.11.06"]
[Round "6"]
[White "Butcher, Doug"]
[Black "McDougall, William M"]
[Result "1-0"]
[WhiteElo "1880"]
[BlackElo "2064"]
[PlyCount "99"]
[EventDate "2011.11.04"]
[EventType "swiss"]
[EventRounds "6"]
[EventCountry "ENG"]
[SourceTitle "BritBase"]
[Source "John Saunders"]
[SourceDate "2025.01.31"]
[SourceVersion "1"]
[SourceVersionDate "2025.01.31"]
[SourceQuality "1"]

1. e4 c5 2. Nc3 a6 3. g3 b5 4. Bg2 Bb7 5. d3 e6 6. Nge2 Nf6 7. O-O d5 8. exd5 Nxd5 9. Nxd5 Bxd5 10. Bxd5 Qxd5 11. Nf4 Qb7 12. Qh5 Nc6 13. Nxe6 g6 14. Nxc5 gxh5 15. Nxb7 Ra7 16. Re1+ Kd7 17. Na5 Nxa5 18. Re5 h4 19. Be3 Ra8 20. Rf5 hxg3 21. fxg3 Ke6 22. Raf1 Be7 23. Bd4 Rhf8 24. Bg7 Rfc8 25. c3 Nb7 26. Re5+ Kd6 27. Rxf7 Re8 28. d4 Nd8 29. Rff5 Nc6 30. Re4 Rac8 31. Bh6 Na7 32. Bf4+ Kc6 33. d5+ Kd7 34. Rf7 Rc4 35. Rxc4 bxc4 36. d6 Nc8 37. dxe7 Rxe7 38. Rxe7+ Kxe7 39. Kf2 Ke6 40. Kf3 Nb6 41. Ke4 Na4 42. Kd4 Nxb2 43. Bc1 Nd3 44. Bh6 Ne5 45. h4 Kf5 46. Bf4 Nf3+ 47. Kxc4 Nxh4 48. gxh4 Kxf4 49. Kd5 Kg4 50. c4 1-0

[Event "Hampshire Open"]
[Site "Eastleigh"]
[Date "2011.11.06"]
[Round "6"]
[White "Edney, Richard H"]
[Black "Davies, Edward G"]
[Result "1/2-1/2"]
[WhiteElo "1864"]
[BlackElo "1808"]
[PlyCount "77"]
[EventDate "2011.11.04"]
[EventType "swiss"]
[EventRounds "6"]
[EventCountry "ENG"]
[SourceTitle "BritBase"]
[Source "John Saunders"]
[SourceDate "2025.01.31"]
[SourceVersion "1"]
[SourceVersionDate "2025.01.31"]
[SourceQuality "1"]

1. d4 c6 2. c4 d5 3. Nc3 Nf6 4. e3 a6 5. Nf3 Bf5 6. Bd3 Bxd3 7. Qxd3 e6 8. O-O Be7 9. Bd2 O-O 10. c5 Nbd7 11. h3 Qc7 12. b4 e5 13. dxe5 Nxe5 14. Nxe5 Qxe5 15. Qd4 Nd7 16. Ne2 Qxd4 17. exd4 f5 18. a4 b5 19. axb5 axb5 20. Bc3 Nf6 21. f3 h5 22. Nf4 Kf7 23. Nd3 Nd7 24. Ra5 Rxa5 25. bxa5 h4 26. Ra1 Bf6 27. Kf1 Ra8 28. a6 Ra7 29. Nb4 Nb8 30. Ke2 f4 31. Kd3 Ke7 32. Ra2 Kd7 33. Bd2 g5 34. Bc1 Bg7 35. Kc3 Bf6 36. Kd3 Bg7 37. Ra5 Bf6 38. Ra2 Bg7 39. Kc3 1/2-1/2

[Event "Hampshire Open"]
[Site "Eastleigh"]
[Date "2011.11.06"]
[Round "6"]
[White "Fowler, David W"]
[Black "Waterfield, John W"]
[Result "1/2-1/2"]
[WhiteElo "1712"]
[BlackElo "2008"]
[PlyCount "89"]
[EventDate "2011.11.04"]
[EventType "swiss"]
[EventRounds "6"]
[EventCountry "ENG"]
[SourceTitle "BritBase"]
[Source "John Saunders"]
[SourceDate "2025.01.31"]
[SourceVersion "1"]
[SourceVersionDate "2025.01.31"]
[SourceQuality "1"]

1. e4 c5 2. Nf3 d6 3. d4 cxd4 4. Qxd4 Nc6 5. Bb5 Bd7 6. Bxc6 Bxc6 7. Nc3 Nf6 8. Bg5 e6 9. O-O-O Be7 10. Rhe1 O-O 11. Kb1 Qa5 12. Qd2 Qb6 13. Nd4 Rfd8 14. f4 h6 15. h4 Kf8 16. f5 e5 17. Bxf6 Bxf6 18. Nf3 Rd7 19. Nd5 Bxd5 20. Qxd5 Rc8 21. Qb3 Qxb3 22. axb3 g6 23. fxg6 fxg6 24. g4 Re8 25. Rd5 Red8 26. Red1 Ke7 27. c4 Ke6 28. b4 b6 29. g5 hxg5 30. hxg5 Bg7 31. c5 bxc5 32. bxc5 dxc5 33. Rxd7 Rxd7 34. Rxd7 Kxd7 35. Nh4 Kc6 36. Nxg6 Kb5 37. b3 Kb4 38. Kc2 c4 39. bxc4 Kxc4 40. Ne7 a5 41. Nf5 Bf8 42. g6 a4 43. g7 {(=)} Bxg7 44. Nxg7 Kd4 45. Ne6+ 1/2-1/2

[Event "Hampshire Open"]
[Site "Eastleigh"]
[Date "2011.11.06"]
[Round "6"]
[White "Gill, Oliver"]
[Black "McDougall, Andrew"]
[Result "1/2-1/2"]
[WhiteElo "2006"]
[BlackElo "2144"]
[PlyCount "57"]
[EventDate "2011.11.04"]
[EventType "swiss"]
[EventRounds "6"]
[EventCountry "ENG"]
[SourceTitle "BritBase"]
[Source "John Saunders"]
[SourceDate "2025.01.31"]
[SourceVersion "1"]
[SourceVersionDate "2025.01.31"]
[SourceQuality "1"]

1. e4 c5 2. b3 e6 3. Bb2 d5 4. exd5 exd5 5. Nf3 Nf6 6. d4 Be7 7. dxc5 Qa5+ 8. Nc3 Qxc5 9. Qd4 Nc6 10. Qxc5 Bxc5 11. Nb5 O-O 12. Bxf6 gxf6 13. O-O-O Be6 14. Nbd4 Ne5 15. Be2 a5 16. a4 Rac8 17. Rhf1 Ng6 18. Nb5 Nf4 19. Nfd4 Nxe2+ 20. Nxe2 Bg4 21. f3 Bf5 22. Ned4 Bg6 23. g4 Rfd8 24. Rde1 Bf8 25. Kb2 Re8 26. Rxe8 Rxe8 27. Rf2 Kg7 28. Re2 Rc8 29. Na7 1/2-1/2

[Event "Hampshire Open"]
[Site "Eastleigh"]
[Date "2011.11.06"]
[Round "6"]
[White "Hackman, Paul"]
[Black "Tambini, Jasper"]
[Result "1-0"]
[WhiteElo "2128"]
[BlackElo "1924"]
[PlyCount "73"]
[EventDate "2011.11.04"]
[EventType "swiss"]
[EventRounds "6"]
[EventCountry "ENG"]
[SourceTitle "BritBase"]
[Source "John Saunders"]
[SourceDate "2025.01.31"]
[SourceVersion "1"]
[SourceVersionDate "2025.01.31"]
[SourceQuality "1"]

1. e4 Nc6 2. Nf3 e5 3. Bc4 Bc5 4. c3 Nf6 5. d3 d6 6. O-O O-O 7. Bb3 h6 8. Re1 Bb6 9. Nbd2 Ne7 10. Nf1 Ng6 11. Ng3 Be6 12. Bc2 Qd7 13. d4 Bg4 14. h3 Bxf3 15. Qxf3 exd4 16. Bxh6 Nh4 17. Qf4 Ng6 18. Qd2 gxh6 19. Qxh6 Ne8 20. e5 dxe5 21. Rxe5 d3 22. Rh5 Nf6 23. Bb3 Nxh5 24. Nxh5 Bxf2+ 25. Kh1 Bd4 26. cxd4 Qxd4 27. Qxg6+ Kh8 28. Qh6+ Kg8 29. Nf6+ Qxf6 30. Qxf6 Rad8 31. Rf1 Rd6 32. Qg5+ Kh8 33. Rf4 Rg6 34. Rh4+ Kg7 35. Qe5+ f6 36. Qe7+ Rf7 37. Qxf7# 1-0

[Event "Hampshire Open"]
[Site "Eastleigh"]
[Date "2011.11.06"]
[Round "6"]
[White "Hanley, Craig A"]
[Black "Shiatis, Rohan"]
[Result "1-0"]
[WhiteElo "2415"]
[BlackElo "1952"]
[PlyCount "81"]
[EventDate "2011.11.04"]
[EventType "swiss"]
[EventRounds "6"]
[EventCountry "ENG"]
[SourceTitle "BritBase"]
[Source "John Saunders"]
[SourceDate "2025.01.31"]
[SourceVersion "1"]
[SourceVersionDate "2025.01.31"]
[SourceQuality "1"]

1. d4 Nf6 2. c4 g6 3. g3 Bg7 4. Bg2 O-O 5. Nc3 d6 6. Nf3 Nc6 7. O-O Bf5 8. d5 Na5 9. Nd4 Bd7 10. b3 c5 11. dxc6 Nxc6 12. Bb2 Qc8 13. Nd5 Nxd5 14. cxd5 Nxd4 15. Bxd4 Bh3 16. Bxg7 Kxg7 17. Rc1 Qd7 18. Qd4+ f6 19. Bxh3 Qxh3 20. Rc7 Rf7 21. Rfc1 h5 22. Rxb7 g5 23. Rcc7 Re8 24. Qxa7 Qf5 25. Rxe7 Qb1+ 26. Kg2 Rexe7 27. Rxe7 Rxe7 28. Qxe7+ Kg6 29. Qe8+ Kh6 30. Qa4 Qc2 31. Qd4 Kg7 32. Qd3 Qxa2 33. b4 Qb2 34. Qe4 Kh6 35. h3 Qb3 36. Qe6 Qxb4 37. Qxf6+ Kh7 38. Qf7+ Kh6 39. Qe6+ Kg7 40. Qf5 Kh6 41. f4 1-0

[Event "Hampshire Major"]
[Site "Eastleigh"]
[Date "2011.11.04"]
[Round "1"]
[White "Chapman, Matt"]
[Black "Pope, Michael R"]
[Result "1-0"]
[WhiteElo "1832"]
[BlackElo "1680"]
[PlyCount "113"]
[EventDate "2011.11.04"]
[EventType "swiss"]
[EventRounds "6"]
[EventCountry "ENG"]
[SourceTitle "BritBase"]
[Source "John Saunders"]
[SourceDate "2025.01.31"]
[SourceVersion "1"]
[SourceVersionDate "2025.01.31"]
[SourceQuality "1"]

1. e4 d5 2. exd5 Qxd5 3. Nc3 Qd6 4. Bc4 Nf6 5. d3 c6 6. Nge2 Nbd7 7. a3 Nb6 8. Ba2 Be6 9. Bf4 Qd7 10. Bxe6 Qxe6 11. O-O Qd7 12. Ng3 e6 13. Nge4 Nbd5 14. Nxd5 cxd5 15. Nxf6+ gxf6 16. d4 Bd6 17. Qf3 f5 18. Rfe1 O-O-O 19. Re3 Rdg8 20. h3 Rg6 21. Rae1 Rhg8 22. g3 Kb8 23. Rc3 Rc8 24. Ree3 Rgg8 25. Bxd6+ Qxd6 26. Qh5 Rcf8 27. h4 Qd8 28. Qxh7 Rh8 29. Qg7 Ka8 30. Qe5 Rfg8 31. Kf1 Rg4 32. Qc7 Rxd4 33. Qxf7 Rc4 34. Qxe6 Rxc3 35. Rxc3 d4 36. Rd3 f4 37. Kg2 Re8 38. Qc4 fxg3 39. Rxd4 Qe7 40. fxg3 Kb8 41. Qd3 Qc7 42. Qc4 Qe7 43. Rg4 Qh7 44. Qd3 Qe7 45. Rg6 Rd8 46. Re6 Qc7 47. Qc3 Qd7 48. Qe5+ Ka8 49. Re7 Qc6+ 50. Kh3 Qh1+ 51. Kg4 Qd1+ 52. Kg5 a6 53. Qc7 Rd5+ 54. Re5 Qd2+ 55. Kf5 Qf2+ 56. Ke6 Rxe5+ 57. Qxe5 1-0

[Event "Hampshire Major"]
[Site "Eastleigh"]
[Date "2011.11.04"]
[Round "1"]
[White "Desmedt, Richard E"]
[Black "Williams, Peter D"]
[Result "1/2-1/2"]
[WhiteElo "1840"]
[BlackElo "1704"]
[PlyCount "101"]
[EventDate "2011.11.04"]
[EventType "swiss"]
[EventRounds "6"]
[EventCountry "ENG"]
[SourceTitle "BritBase"]
[Source "John Saunders"]
[SourceDate "2025.01.31"]
[SourceVersion "1"]
[SourceVersionDate "2025.01.31"]
[SourceQuality "1"]

1. d4 Nf6 2. Nd2 d5 3. e3 c5 4. f4 Nc6 5. Ngf3 Ng4 6. Qe2 Nb4 7. Nb3 c4 8. a3 cxb3 9. axb4 bxc2 10. Qxc2 e6 11. Bd2 Bd7 12. h3 Nf6 13. Bd3 Qb6 14. Qb3 Bd6 15. O-O O-O 16. b5 Qd8 17. Ne5 Ne4 18. Bxe4 dxe4 19. Nxd7 Qxd7 20. Rfc1 Rfc8 21. Rxc8+ Qxc8 22. Rc1 Qd7 23. Qc4 Rd8 24. Bb4 Kf8 25. Bxd6+ Qxd6 26. Kf2 Ke7 27. Ke2 Rd7 28. b4 a6 29. bxa6 Qxa6 30. Qxa6 bxa6 {(=)} 31. Kd2 Rb7 32. Rb1 Rb5 33. Kc3 Kd6 34. Ra1 Rb6 35. Ra5 f5 36. Rc5 Rb8 37. Kb3 h6 38. h4 g5 39. hxg5 hxg5 40. g3 g4 41. Ka4 Rh8 42. Ka5 Rh3 43. Kxa6 Rxg3 44. b5 Rxe3 45. b6 Ra3+ 46. Ra5 Rxa5+ 47. Kxa5 g3 48. Ka6 g2 49. b7 g1=Q 50. b8=Q+ Ke7 51. Qc7+ 1/2-1/2

[Event "Hampshire Major"]
[Site "Eastleigh"]
[Date "2011.11.04"]
[Round "1"]
[White "Farthing, Andrew P"]
[Black "Wiseman, John M"]
[Result "1/2-1/2"]
[WhiteElo "1736"]
[BlackElo "1672"]
[PlyCount "41"]
[EventDate "2011.11.04"]
[EventType "swiss"]
[EventRounds "6"]
[EventCountry "ENG"]
[SourceTitle "BritBase"]
[Source "John Saunders"]
[SourceDate "2025.01.31"]
[SourceVersion "1"]
[SourceVersionDate "2025.01.31"]
[SourceQuality "1"]

1. Nc3 d5 2. e4 dxe4 3. Nxe4 Nf6 4. Nxf6+ exf6 5. d4 Be6 6. Nf3 Bd6 7. Bd3 O-O 8. O-O c6 9. c3 Qc7 10. h3 Re8 11. Qc2 g6 12. Be3 Nd7 13. b3 Bf4 14. Bxf4 Qxf4 15. Qd2 Qxd2 16. Nxd2 f5 17. Rfe1 Nb6 18. c4 f6 19. Rad1 Rad8 20. Nf3 Kf7 21. Kf1 1/2-1/2

[Event "Hampshire Major"]
[Site "Eastleigh"]
[Date "2011.11.04"]
[Round "1"]
[White "Fields, David"]
[Black "Matthew, Ian G"]
[Result "0-1"]
[WhiteElo "1608"]
[BlackElo "1736"]
[PlyCount "76"]
[EventDate "2011.11.04"]
[EventType "swiss"]
[EventRounds "6"]
[EventCountry "ENG"]
[SourceTitle "BritBase"]
[Source "John Saunders"]
[SourceDate "2025.01.31"]
[SourceVersion "1"]
[SourceVersionDate "2025.01.31"]
[SourceQuality "1"]

1. d4 d5 2. c4 Nc6 3. Nf3 Bg4 4. cxd5 Bxf3 5. dxc6 Bxc6 6. Nc3 e6 7. e3 Nf6 8. Bb5 Bxb5 9. Nxb5 c6 10. Nc3 Qc7 11. e4 Rd8 12. e5 Nd5 13. a3 a6 14. O-O Be7 15. Qg4 g6 16. Bh6 Bf8 17. Bxf8 Kxf8 18. Rad1 Nxc3 19. bxc3 Qe7 20. Ra1 Kg7 21. f4 h5 22. Qg5 Qxg5 23. fxg5 h4 24. Rf4 h3 25. g4 Rd5 26. a4 c5 27. Rb1 Rb8 28. Kf2 cxd4 29. cxd4 b5 30. a5 b4 31. Rb3 Rxa5 32. Rff3 Ra2+ 33. Kg3 a5 34. Rf1 a4 35. Rbf3 Rb7 36. Rd1 b3 37. Rb1 Rd2 38. Rff1 b2 0-1

[Event "Hampshire Major"]
[Site "Eastleigh"]
[Date "2011.11.04"]
[Round "1"]
[White "Hurn, Paul AT"]
[Black "O'Gorman, Brendan"]
[Result "0-1"]
[WhiteElo "1704"]
[BlackElo "1872"]
[PlyCount "56"]
[EventDate "2011.11.04"]
[EventType "swiss"]
[EventRounds "6"]
[EventCountry "ENG"]
[SourceTitle "BritBase"]
[Source "John Saunders"]
[SourceDate "2025.01.31"]
[SourceVersion "1"]
[SourceVersionDate "2025.01.31"]
[SourceQuality "1"]

1. e4 c5 2. Nc3 e6 3. f4 Nc6 4. Bb5 Nge7 5. Nf3 a6 6. Bxc6 Nxc6 7. O-O d5 8. e5 Be7 9. d3 O-O 10. Kh1 Bd7 11. Bd2 Rc8 12. a3 Qc7 13. Ne2 f6 14. exf6 Bxf6 15. c3 Kh8 16. Ng3 g6 17. Rc1 e5 18. fxe5 Nxe5 19. Bh6 Bg7 20. Bxg7+ Kxg7 21. Nxe5 Qxe5 22. Re1 Qg5 23. d4 Rfe8 24. Rxe8 Rxe8 25. dxc5 Kg8 26. Rc2 Ba4 27. Ne2 Bxc2 28. Qxc2 Rxe2 0-1

[Event "Hampshire Major"]
[Site "Eastleigh"]
[Date "2011.11.04"]
[Round "1"]
[White "Manning, Peter A"]
[Black "Whatmough, Luke"]
[Result "1/2-1/2"]
[WhiteElo "1720"]
[BlackElo "1440"]
[PlyCount "66"]
[EventDate "2011.11.04"]
[EventType "swiss"]
[EventRounds "6"]
[EventCountry "ENG"]
[SourceTitle "BritBase"]
[Source "John Saunders"]
[SourceDate "2025.01.31"]
[SourceVersion "1"]
[SourceVersionDate "2025.01.31"]
[SourceQuality "1"]

1. d4 Nf6 2. Bg5 e6 3. Nd2 d5 4. c3 Nbd7 5. e3 c5 6. Bd3 Qc7 7. Ngf3 Be7 8. O-O O-O 9. Qe2 Re8 10. Bf4 Bd6 11. Bxd6 Qxd6 12. Rfe1 e5 13. dxe5 Nxe5 14. Nxe5 Qxe5 15. Nf3 Qh5 16. h3 Be6 17. Rad1 Rad8 18. Nh2 Qxe2 19. Bxe2 a6 20. a4 d4 21. exd4 cxd4 22. c4 Bf5 23. Rc1 d3 24. Bf3 d2 25. Rxe8+ Nxe8 26. Ra1 Bc2 27. Bd1 Bd3 28. b3 Nf6 29. Nf1 Ne4 30. Ra2 Bxf1 31. Kxf1 Nc3 32. Ra1 Re8 33. Bf3 Rd8 1/2-1/2

[Event "Hampshire Major"]
[Site "Eastleigh"]
[Date "2011.11.04"]
[Round "1"]
[White "Moore, Gillian A"]
[Black "Foley, Phil T"]
[Result "1-0"]
[WhiteElo "1768"]
[BlackElo "1680"]
[PlyCount "57"]
[EventDate "2011.11.04"]
[EventType "swiss"]
[EventRounds "6"]
[EventCountry "ENG"]
[SourceTitle "BritBase"]
[Source "John Saunders"]
[SourceDate "2025.01.31"]
[SourceVersion "1"]
[SourceVersionDate "2025.01.31"]
[SourceQuality "1"]

1. d4 d5 2. Bg5 c5 3. dxc5 Nc6 4. e3 h6 5. Bh4 Nf6 6. Bxf6 exf6 7. Nc3 Be6 8. g3 Bxc5 9. Bg2 Bb4 10. Nge2 O-O 11. O-O Ne7 12. a3 Bxc3 13. Nxc3 Qd7 14. Qd2 Rfd8 15. Ne2 Rac8 16. c3 Nc6 17. Rad1 Ne5 18. Nd4 Nc4 19. Qe2 Bh3 20. Rfe1 Bxg2 21. Kxg2 Re8 22. h3 Re4 23. g4 Rce8 24. Rd3 Ne5 25. Rdd1 Nc4 26. Nf5 g6 27. Ng3 R4e6 28. Qxc4 Rc6 29. Qxd5 1-0